Les joueurs de la République Tchèque à l'euro 2004 - Statistiques

Statistiques générales
  • Ce quiz a été pris 20 fois
  • Le résultat moyen est 6 sur 23
Statistiques - réponses
Poste Joueurs Club % Correct
G Petr Cech Rennes
95%
M Pavel Nedved Juventus
84%
A Milan Baros Liverpool
74%
A Jan Koller Dortmund
63%
M Tomas Rosicky Dortmund
63%
M Jaroslav Plasil Monaco
53%
A Vladimir Smicer Liverpool
47%
D Marek Jankulovski Udinese
26%
A Karel Poborsky Sparta Prague
21%
M Stepan Vachousek Marseille
21%
D Tomas Ujfalusi Hambourg
21%
D Zdenek Grygera Ajax
21%
D David Rozehnal Bruges
16%
M Tomas Galasek Ajax
11%
A Marek Heinz Ostrava
5%
G Antonin Kinsky Saturn
0%
G Jaromir Blazek Sparta Prague
0%
D Martin Jiranek Reggina
0%
D Pavel Mares Zenith
0%
D René Bolf Ostrava
0%
M Roman Tyce Munich 1860
0%
D Tomas Hubschman Sparta Prague
0%
A Vratislav Lokvenc Kaiserslautern
0%
Aucun quiz correspondant
Distribution des résultats
% des personnes avec chaque résultat
Percentile par nombre de réponses
Votre historique - résultats
Vous n’avez pas pris ce quiz